000 00592nam a2200169 i 4500
001 188822
003 ES-MaACL
005 20230906223318.0
007 t|
008 190218s1963 xxk ||||1| spa d
110 2 _aGran Bretaña.
_bCentral Office of Information.
_bReference Division.
_9166342
245 1 3 _aLa agricultura en Gran Bretaña /
_c[Servicios Británicos de Información].
260 _aLondon :
_bReference Division, Central Office of Information,
_c[1963]
300 _a49 p. ;
_c24 cm.
650 4 _aAgricultura-
_zGran Bretaña.
_9166348
852 _aES-MaACL
_jP-420-Bis-8
999 _c188822
_d188822